LEADER 01092nam0-2200361-#-450- 001 990001090760203316 005 20051205102059.0 010 $a3-201-01769-8 035 $a000109076 035 $aUSA01000109076 035 $a(ALEPH)000109076USA01 035 $a000109076 100 $a20020927d2001----km-y0enga50------ba 101 0 $ager 102 $aDE 105 $ay|||z|||001yy 200 1 $aKopie und fälschung$fherausgegeben von christian gastgeber 210 $aGraz$cAkademische Druck- u. Verlagsanstalt$d2001 215 $a158 p.$d21 cm 606 0 $aOpere d'arte$xFalsificazioni$yGrecia antica 676 $a702.874 702 1$aGASTGEBER,$bChristian 801 0$aIT$bSalbc$cISBD 912 $a990001090760203316 951 $aXII.2.D. 271(VII B 297)$b163003 LM$cVII B$d00082587 959 $aBK 969 $aUMA 979 $aCHIARA$b90$c20020927$lUSA01$h1048 979 $aCHIARA$b90$c20020927$lUSA01$h1049 979 $aPATRY$b90$c20040406$lUSA01$h1715 979 $aCOPAT5$b90$c20051205$lUSA01$h1021 996 $aKopie und fälschung$9305163 997 $aUNISA